000 00861nam a2200205 i 4500
001 134769
003 ES-MaACL
005 20250728030710.0
007 t|
008 070913s1978 sp ||||1| val d
100 1 _aYbarra, Josep-Antoni.
_9117596
245 1 4 _aLes precondicions per al desenvolupament econáomic de les comarques meridionals del País Valenciáa /
_c[per] Josep-Antoni Ybarra i Pérez.
260 _a[Madrid] :
_bConfederación Española de Cajas de Ahorros,
_c1978.
300 _a99 p. ;
_c22 cm.
490 1 _aPublicaciones de la Caja de Ahorros Provincial de la Excma. Diputación de Alicante ;
_v53
650 4 _aDesarrollo económico-
_zComunidad Valenciana.
_911798
830 0 0 _aPublicaciones de la Caja de Ahorros Provincial de Alicante
_v53
_9186986
852 _aES-MaACL
_jA-9495
_bR.98830
999 _c134769
_d134769